| 000 | 00875nam a2200253 i 4500 | ||
|---|---|---|---|
| 001 | 172515 | ||
| 003 | ES-MaACL | ||
| 005 | 20230906214936.0 | ||
| 008 | 090714s1950 fr |||| | fre d | ||
| 080 | _a1 Cicerón, Marco Tulio | ||
| 080 | _a123.21 | ||
| 100 | 1 |
_aCicerón, Marco Tulio. _938748 |
|
| 245 | 1 | 0 |
_aTraité du destin / _cCicéron ; texte établie et traduit par Albert Yon. |
| 260 |
_aParis : _bSociété d'Édition "Les Belles Lettres", _c1950. |
||
| 300 |
_a47 p. ; _c20 cm. |
||
| 490 | 1 | _aCollection des Universités de France | |
| 546 | _aTexto latino y traducción francesa. | ||
| 650 | 4 |
_aFatalismo. _9141075 |
|
| 700 | 0 |
_aYon, Albert. _9117659 |
|
| 830 | 0 |
_aCollection des Universités de France _9180876 |
|
| 852 |
_aES-MaACL _jE-12833 _9R.139379 _z.- Biblioteca Jacinto Martínez Lacalle |
||
| 999 |
_c172515 _d172515 |
||